| 000 | 01077nam a22003017a 4500 | ||
|---|---|---|---|
| 999 |
_c19114 _d19114 |
||
| 003 | AR-CdUCM | ||
| 008 | 190515b ||||| |||| 00| 0 spa d | ||
| 040 |
_aMUNICIPALIDAD PROVINCIAL DEL CUSCO _cBIBLIOTECA MUNICIPAL DEL CUSCO |
||
| 041 | _hfre | ||
| 082 |
_a513.6 / _bD87 |
||
| 100 |
_aDolciani, Mary _940249 |
||
| 245 |
_aÁlgebra moderna : _bestructura y método / |
||
| 260 |
_aMéxico : _bCultural, _c1967. |
||
| 300 |
_a566 páginas ; _c29 cm. |
||
| 500 | _aTitulo original : Modern algebra | ||
| 505 | _aContenido: Símbolos y conjuntos -- Los números y sus relaciones -- Variables y proposiciones abiertas -- Análisis de proposiciones algebraicas --Los números negativos -- | ||
| 650 |
_aÁlgebra _919778 |
||
| 650 |
_aPolinomios _921718 |
||
| 650 |
_aMatemáticas _99398 |
||
| 650 |
_aProblemas _99246 |
||
| 650 |
_aFactorizacion _940250 |
||
| 650 |
_aEjercicios _919599 |
||
| 700 |
_aFreilich, Julius _940251 |
||
| 700 |
_aBerman, Simon _940252 |
||
| 700 |
_aGuevara Alfaro (Traducción) _940253 |
||
| 942 |
_2ddc _cLIBROS |
||
| 945 |
_awnts _d2019-05-16 |
||